| 000 | 00476nam a2200181Ia 4500 | ||
|---|---|---|---|
| 005 | 20250508160915.0 | ||
| 008 | 008 250505s9999 xx 000 0 eng d | ||
| 037 | _aTextual | ||
| 040 |
_aFEDL _beng _cFEDL |
||
| 041 |
_aeng _2eng |
||
| 084 |
_aB, NEH _qFEDL |
||
| 100 | _aRau M Chalapathi | ||
| 245 | 0 | _aNehru for children | |
| 260 |
_aNew Delhi, India _bChildren's Book Trust _c1967 |
||
| 300 | _a111p. | ||
| 942 |
_cTEXL _hB, NEH |
||
| 999 |
_c1367323 _d1367323 |
||